Literature Books: The Subtitles Quiz Stats

Quiz Updated Aug 10, 2016

Challenge
Share
Tweet
Embed
Score 0/15 Timer 04:00
0 Plays Today
% Correct
10 Books That Screwed Up the World
90.2%
Imagined London
80.9%
Reading the Decades
76.1%
Soldier's Heart
70.8%
The Word Made Flesh
70.4%
F.B. Eyes
70.2%
The Heroine's Bookshelf
69.4%
Texts from Jane Eyre
66.7%
% Correct
The Lost Art of Reading
64.4%
Full Woman, Fleshly Apple, Hot Moon
61.2%
Why Not Catch-21?
61%
Once Again to Zelda
60%
The Western Lit Survival Kit
54%
The Journey That Saved Curious George
53.5%
Reading Lolita in Tehran
39.5%

You're not logged in!

Compare scores with friends on all Sporcle quizzes.
Sign Up with Email
OR
Log In

You Might Also Like...

Show Comments

Extras

Top Quizzes Today


Score Distribution

Your Account Isn't Verified!

In order to create a playlist on Sporcle, you need to verify the email address you used during registration. Go to your Sporcle Settings to finish the process.